ՀՀ Գիտությունների ազգային ակադեմիայի հիմնարար գիտական գրադարան  =   Fundamental Scientific Library of NAS RA

Производство чугуна и стали / (Record no. 295371)

MARC details
000 -LEADER
fixed length control field 00809nam a2200205 u 4500
001 - CONTROL NUMBER
control field 000816589
003 - CONTROL NUMBER IDENTIFIER
control field AM-YeHGA
005 - DATE AND TIME OF LATEST TRANSACTION
control field 20250617144515.0
008 - FIXED-LENGTH DATA ELEMENTS--GENERAL INFORMATION
fixed length control field 110614s1975 r 000 0 rus d
040 ## - CATALOGING SOURCE
Original cataloging agency AM-YeHGA
041 0# - LANGUAGE CODE
Language code of text/sound track or separate title rus
090 ## - LOCALLY ASSIGNED LC-TYPE CALL NUMBER (OCLC); LOCAL CALL NUMBER (RLIN)
-- 297061
245 00 - TITLE STATEMENT
Title Производство чугуна и стали /
Statement of responsibility, etc. Науч. ред. Н.К. Леонидов, В.А. Кудрин.
260 ## - PUBLICATION, DISTRIBUTION, ETC.
Place of publication, distribution, etc. Москва :
Name of publisher, distributor, etc. Б/и,.
300 ## - PHYSICAL DESCRIPTION
Extent т. :
Other physical details ил.
440 #0 - SERIES STATEMENT/ADDED ENTRY--TITLE
Title Итоги науки и техники
505 10 - FORMATTED CONTENTS NOTE
Miscellaneous information Т. 6 (1974, 131 с., библиогр. с. 130 )
-- Т. 7 (1975, 196 с., библиогр. 140 назв.)
-- Т. 8 (1976, 100 с., Библиогр.: с. 95-98)
650 14 - SUBJECT ADDED ENTRY--TOPICAL TERM
Topical term or geographic name entry element Производство доменного чугуна
700 1# - ADDED ENTRY--PERSONAL NAME
Personal name Кудрин, В.А.
Relator term ред.
Relationship edt
Holdings
Withdrawn status Lost status Damaged status Not for loan Collection Home library Current library Date acquired Serial enumeration / chronology Total checkouts Full call number Barcode Date last seen Price effective from Koha item type Public note
        General Fundamental Scientific Library Fundamental Scientific Library 29/12/2016 Т. 6   PII/330542 FL0261270 29/12/2016 29/12/2016 Գրքեր / Books 30 Days Loan
        General Fundamental Scientific Library Fundamental Scientific Library 29/12/2016 Т. 7   PII/362407 FL0325305 29/12/2016 29/12/2016 Գրքեր / Books 30 Days Loan
        General Fundamental Scientific Library Fundamental Scientific Library 29/12/2016 Т. 8   PII/374724 FL0347877 29/12/2016 29/12/2016 Գրքեր / Books 30 Days Loan


ՀՀ ԳԱԱ հիմնարար գիտական գրադարան
ՀՀ,Երևան 0019
Մարշալ Բաղրամյան 24/6
հեռախոս:(374-10) 52-47-50
Հետադարձ կապ

All site content, except where otherwise noted, is licensed under a
Creative Commons License